[Event "LTU-chT 1011"]
[Site "Lithuania"]
[Date "2010.12.05"]
[Round "3"]
[White "Simanaitis, Vytautas"]
[Black "Skrebnevskis, Romanas"]
[Result "0-1"]
[WhiteElo "1956"]
[BlackElo "2230"]
[PlyCount "92"]
[EventDate "2010.11.06"]
[EventType "team-tourn"]
[EventRounds "9"]
[EventCountry "LTU"]
[SourceTitle "EXT 2012"]
[Source "ChessBase"]
[SourceDate "2011.11.24"]
[SourceVersion "1"]
[SourceVersionDate "2011.11.24"]
[SourceQuality "1"]

1. e4 e6 2. d4 d5 3. Nc3 Nf6 4. Bg5 Be7 5. e5 Nfd7 6. Bxe7 Qxe7 7. f4 0-0 8. Nf3 c5 9. Nb5 a6 10. Nd6 cxd4 11. Nxd4 Nc6 12. Nxc6 bxc6 13. Bd3 f6 14. 0-0 fxe5 15. Bxh7+ Kxh7 16. Qh5+ Kg8 17. fxe5 Rb8 18. Rxf8+ Nxf8 19. Rf1 Bd7 20. Nf7 Nh7 21. Qg6 Be8 22. Nh6+ Kh8 23. Rf7 Bxf7 24. Nxf7+ Kg8 25. Nh6+ Kf8 26. Qxh7 Qc5+ 27. Kh1 gxh6 28. Qh8+ Kf7 29. Qxb8 Qxc2 30. h3 Qc4 31. b3 Qe4 32. Qd6 Qf5 33. a4 a5 34. g4 Qf1+ 35. Kh2 Qf2+ 36. Kh1 Qf3+ 37. Kh2 Qf2+ 38. Kh1 d4 39. Qd7+ Kg6 40. Qxe6+ Kg5 41. Qxc6 d3 42. e6 d2 43. Qd5+ Kh4 44. e7 Qe1+ 45. Kg2 Qe2+ 46. Kg1 d1R+ 0-1

[Event "LTU-chT 0910"]
[Site "Lithuania"]
[Date "2009.11.22"]
[Round "3.32"]
[White "Skrebnevskis, Romanas"]
[Black "Petraitis, Gintautas"]
[Result "1-0"]
[WhiteElo "2223"]
[BlackElo "2027"]
[PlyCount "55"]
[EventDate "2009.11.07"]
[EventType "team-tourn"]
[EventRounds "9"]
[EventCountry "LTU"]
[SourceTitle "EXT 2022"]
[Source "ChessBase"]
[SourceDate "2021.10.06"]
[SourceVersion "1"]
[SourceVersionDate "2021.10.06"]
[SourceQuality "1"]
[WhiteTeam "Vilnius Fortas"]
[BlackTeam "Kaunas Margiris II"]
[WhiteTeamCountry "LTU"]
[BlackTeamCountry "LTU"]

1. d4 d5 2. c4 e6 3. Nc3 Nf6 4. cxd5 exd5 5. Bg5 c6 6. e3 Be7 7. Qc2 0-0 8. Bd3 Nbd7 9. Nge2 Re8 10. 0-0 Ne4 11. Bf4 Ndf6 12. f3 Nxc3 13. bxc3 h6 14. e4 Nh5 15. Bd2 g5 16. e5 Be6 17. g4 Ng7 18. Ng3 c5 19. Rab1 Qc8 20. Qb2 b6 21. Rbc1 f5 22. exf6 Bxf6 23. Bb1 Re7 24. Qc2 cxd4 25. Qh7+ Kf8 26. Qxh6 Rf7 27. cxd4 Bxd4+ 28. Kh1 1-0

[Event "LTU-chT 4th 0809"]
[Site "Lithuania"]
[Date "2009.03.14"]
[Round "8.23"]
[White "Skrebnevskis, Romanas"]
[Black "Zapolskis, Antanas J"]
[Result "1-0"]
[WhiteElo "2235"]
[BlackElo "2346"]
[PlyCount "87"]
[EventDate "2008.11.08"]
[EventType "team"]
[EventRounds "9"]
[EventCountry "LTU"]
[SourceTitle "EXT 2024"]
[Source "ChessBase"]
[SourceDate "2023.10.10"]
[SourceVersion "1"]
[SourceVersionDate "2023.10.10"]
[SourceQuality "1"]

1. d4 b5 2. e4 Bb7 3. Bd3 e6 4. Nf3 c5 5. c3 a6 6. 0-0 d6 7. Qe2 Ne7 8. a4 b4 9. cxb4 cxb4 10. a5 Nbc6 11. Bg5 h6 12. Be3 d5 13. e5 Nxa5 14. Nbd2 Nf5 15. g4 Nxe3 16. fxe3 Be7 17. Qf2 0-0 18. h4 Nc4 19. Nxc4 dxc4 20. Bxc4 a5 21. g5 hxg5 22. h5 g4 23. Nh2 Rc8 24. b3 Rxc4 25. bxc4 f5 26. exf6 gxf6 27. Nxg4 f5 28. Ne5 Kh7 29. Kh2 Rf6 30. Qf4 Qe8 31. Ng6 Bd8 32. Rg1 a4 33. Qd6 b3 34. Rxa4 e5 35. Qb4 exd4 36. Qxb7+ Rf7 37. Qg2 b2 38. Rb4 dxe3 39. Rxb2 Bc7+ 40. Kh1 f4 41. Nh4 Kh8 42. Qg6 Qf8 43. Qe6 Qd8 44. Ng6+ 1-0

[Event "LTU-chT 4th 0809"]
[Site "Lithuania"]
[Date "2009.01.11"]
[Round "5.53"]
[White "Skrebnevskis, Romanas"]
[Black "Kalvaitis, Sigitas"]
[Result "1/2-1/2"]
[WhiteElo "2235"]
[BlackElo "2230"]
[PlyCount "104"]
[EventDate "2008.11.08"]
[EventType "team"]
[EventRounds "9"]
[EventCountry "LTU"]
[SourceTitle "EXT 2024"]
[Source "ChessBase"]
[SourceDate "2023.10.10"]
[SourceVersion "1"]
[SourceVersionDate "2023.10.10"]
[SourceQuality "1"]

1. d4 Nf6 2. c4 g6 3. Nc3 d5 4. cxd5 Nxd5 5. Bd2 Bg7 6. e4 Nb6 7. Be3 0-0 8. Be2 Nc6 9. d5 Na5 10. Bd4 Qd6 11. Nf3 e5 12. Nb5 Qe7 13. Bc3 Nac4 14. Qb3 Nd6 15. Bb4 Bg4 16. Rc1 Rfc8 17. 0-0 Qd7 18. Nc3 Bxf3 19. Bxf3 Nbc4 20. Nb1 b5 21. Qc2 Bh6 22. Rcd1 c5 23. dxc6 Rxc6 24. Qe2 a5 25. Bxd6 Rxd6 26. b3 Nd2 27. Nxd2 Rxd2 28. Rxd2 Bxd2 29. Bg4 Qd4 30. Qxb5 Rd8 31. Bf3 Bb4 32. h4 Qb2 33. Bd1 h5 34. Be2 Qxa2 35. Bc4 Qb2 36. Qb7 Rf8 37. Qc6 Kg7 38. Rd1 Bd2 39. Qd5 Bc3 40. g3 Bd4 41. Rf1 Qc3 42. Kg2 Qd2 43. Qd7 Qc2 44. Bd5 Qc8 45. Qa4 Qc7 46. Qc4 Qxc4 47. Bxc4 Ra8 48. Rc1 a4 49. bxa4 Rxa4 50. Rc2 Rb4 51. Bd5 Rb2 52. Rxb2 Bxb2 1/2-1/2

[Event "LTU-chT 4th 0809"]
[Site "Lithuania"]
[Date "2008.12.07"]
[Round "3.43"]
[White "Skrebnevskis, Romanas"]
[Black "Chocenka, Dmitrijus"]
[Result "1/2-1/2"]
[WhiteElo "2235"]
[BlackElo "2297"]
[PlyCount "80"]
[EventDate "2008.11.08"]
[EventType "team"]
[EventRounds "9"]
[EventCountry "LTU"]
[SourceTitle "EXT 2024"]
[Source "ChessBase"]
[SourceDate "2023.10.10"]
[SourceVersion "1"]
[SourceVersionDate "2023.10.10"]
[SourceQuality "1"]

1. d4 Nf6 2. c4 g6 3. Nc3 Bg7 4. e4 d6 5. Be2 0-0 6. Nf3 e5 7. d5 Na6 8. Nd2 c5 9. a3 Ne8 10. h4 h5 11. Nf3 Nac7 12. b4 b6 13. Rb1 Nf6 14. Ng5 Nce8 15. Be3 Ng4 16. Bxg4 Bxg4 17. f3 Bd7 18. 0-0 Nc7 19. Rb2 f6 20. Ne6 Nxe6 21. dxe6 Bxe6 22. Qd3 cxb4 23. axb4 Qc7 24. Nd5 Qf7 25. c5 dxc5 26. bxc5 bxc5 27. Rfb1 Rfd8 28. Rb7 Rd7 29. Rxd7 Qxd7 30. Bxc5 Kh7 31. Qb5 Qxb5 32. Rxb5 a5 33. Nc7 Bc4 34. Rb7 Rc8 35. Ra7 a4 36. Be7 Kg8 37. Nd5 Bxd5 38. exd5 Bf8 39. Bxf8 Kxf8 40. Rxa4 Rd8 1/2-1/2

[Event "LTU-ch"]
[Site "Vilnius"]
[Date "1996.??.??"]
[Round "4"]
[White "Kybartas, Alvydas"]
[Black "Skrebnevskis, Romanas"]
[Result "0-1"]
[WhiteElo "2100"]
[BlackElo "2215"]
[PlyCount "74"]
[EventDate "1996.??.??"]
[EventType "swiss"]
[EventRounds "9"]
[EventCountry "LTU"]
[SourceTitle "CBM 053 Extra"]
[Source "ChessBase"]
[SourceDate "1996.09.01"]
[SourceVersion "1"]
[SourceVersionDate "1996.09.01"]
[SourceQuality "1"]

1. e4 c5 2. Nc3 e6 3. f4 Nc6 4. Nf3 a6 5. a4 Nge7 6. g3 g6 7. Bg2 Bg7 8. 0-0 0-0 9. d3 d6 10. Be3 Nd4 11. Qd2 Rb8 12. e5 dxe5 13. Nxe5 Qc7 14. Ne2 Nef5 15. Bxd4 cxd4 16. Nf3 Ne3 17. Rfc1 Nxg2 18. Kxg2 Rd8 19. c4 dxc3 20. bxc3 b5 21. axb5 axb5 22. Qe3 Qd6 23. d4 Bb7 24. Kf2 Qd5 25. Ra7 Rbc8 26. Rca1 h6 27. R1a5 Bf8 28. Qd3 Bc6 29. Ne5 Qg2+ 30. Ke3 Be8 31. Kd2 b4 32. c4 b3 33. R7a6 Bc5 34. Nxg6 Rxd4 35. Ne7+ Kf8 36. Qxd4 Bxd4 37. Nxc8 b2 0-1

[Event "LTU-ch"]
[Site "Vilnius"]
[Date "1996.??.??"]
[Round "6"]
[White "Macionis, Andrius"]
[Black "Skrebnevskis, Romanas"]
[Result "1/2-1/2"]
[WhiteElo "2295"]
[BlackElo "2215"]
[PlyCount "49"]
[EventDate "1996.??.??"]
[EventType "swiss"]
[EventRounds "9"]
[EventCountry "LTU"]
[SourceTitle "CBM 053 Extra"]
[Source "ChessBase"]
[SourceDate "1996.09.01"]
[SourceVersion "1"]
[SourceVersionDate "1996.09.01"]
[SourceQuality "1"]

1. e4 c5 2. Nf3 e6 3. Nc3 Nc6 4. Bb5 Nge7 5. 0-0 a6 6. Bxc6 Nxc6 7. d4 cxd4 8. Nxd4 Qc7 9. Nxc6 dxc6 10. Be3 Bd7 11. Qh5 c5 12. a4 Be7 13. Bg5 Bxg5 14. Qxg5 0-0 15. e5 Bc6 16. Rad1 Rad8 17. Qe3 Qe7 18. a5 h6 19. f4 Rxd1 20. Rxd1 Rd8 21. Rd3 c4 22. Rd4 Rxd4 23. Qxd4 Qh4 24. Qd2 Qe7 25. Qd4 1/2-1/2

[Event "LTU-ch"]
[Site "Vilnius"]
[Date "1996.??.??"]
[Round "8"]
[White "Sakalauskas, Vaidas"]
[Black "Skrebnevskis, Romanas"]
[Result "1-0"]
[WhiteElo "2320"]
[BlackElo "2215"]
[PlyCount "79"]
[EventDate "1996.??.??"]
[EventType "swiss"]
[EventRounds "9"]
[EventCountry "LTU"]
[SourceTitle "CBM 053 Extra"]
[Source "ChessBase"]
[SourceDate "1996.09.01"]
[SourceVersion "1"]
[SourceVersionDate "1996.09.01"]
[SourceQuality "1"]

1. d4 Nf6 2. c4 e6 3. Nc3 Bb4 4. Qc2 0-0 5. a3 Bxc3+ 6. Qxc3 b6 7. Bg5 Bb7 8. e3 h6 9. Bh4 c5 10. dxc5 bxc5 11. f3 Nc6 12. Bd3 Qa5 13. Qxa5 Nxa5 14. b4 Nc6 15. b5 Ne5 16. Be2 a6 17. Bg3 d6 18. Bxe5 dxe5 19. Nh3 axb5 20. cxb5 Ra5 21. Kf2 Rfa8 22. Rhc1 Rxa3 23. Rxa3 Rxa3 24. Rxc5 Nd5 25. e4 Rc3 26. Rxc3 Nxc3 27. Bc4 Kf8 28. Ke3 Ke7 29. Kd3 Na4 30. Bb3 Nc5+ 31. Kc4 Kd6 32. Bc2 g6 33. Nf2 f5 34. Kb4 Nd7 35. Nd1 Nf6 36. Ne3 fxe4 37. Nc4+ Kc7 38. fxe4 Nxe4 39. b6+ Kc8 40. Bxe4 1-0

[Event "LTU-ch"]
[Site "Vilnius"]
[Date "1995.??.??"]
[Round "1"]
[White "Piesina, Gintautas"]
[Black "Skrebnevskis, Romanas"]
[Result "1-0"]
[WhiteElo "2400"]
[BlackElo "2160"]
[PlyCount "80"]
[EventDate "1995.??.??"]
[EventType "swiss"]
[EventRounds "9"]
[EventCountry "LTU"]
[SourceTitle "CBM 049 Extra"]
[Source "ChessBase"]
[SourceDate "1996.01.01"]
[SourceVersion "1"]
[SourceVersionDate "1996.01.01"]
[SourceQuality "1"]

1. Nf3 Nf6 2. c4 e6 3. Nc3 Bb4 4. Qc2 0-0 5. a3 Bxc3 6. Qxc3 b6 7. b4 d6 8. Bb2 e5 9. d4 e4 10. Nd2 d5 11. e3 a5 12. b5 c6 13. a4 Bb7 14. c5 Nbd7 15. Nb3 Ng4 16. h3 Nh6 17. cxb6 Qxb6 18. Nc5 Nb8 19. Ba3 Rd8 20. Rc1 cxb5 21. Nxb7 Qxb7 22. Bxb5 Nf5 23. Qc7 Qxc7 24. Rxc7 Na6 25. Rc6 Nb4 26. Bxb4 axb4 27. Kd2 Nd6 28. Rb1 Kf8 29. Rxb4 Ke7 30. Rc5 Nxb5 31. Rcxb5 Rd6 32. Rb7+ Ke6 33. R7b6 Rxb6 34. Rxb6+ Kd7 35. Rb4 Rc8 36. a5 h5 37. Rb5 Kd6 38. a6 Ra8 39. Ra5 Rc8 40. a7 Ra8 1-0

[Event "LTU-ch"]
[Site "Vilnius"]
[Date "1995.??.??"]
[Round "5"]
[White "Skrebnevskis, Romanas"]
[Black "Kryzius, Kestutis"]
[Result "0-1"]
[WhiteElo "2160"]
[BlackElo "2225"]
[PlyCount "102"]
[EventDate "1995.??.??"]
[EventType "swiss"]
[EventRounds "9"]
[EventCountry "LTU"]
[SourceTitle "CBM 049 Extra"]
[Source "ChessBase"]
[SourceDate "1996.01.01"]
[SourceVersion "1"]
[SourceVersionDate "1996.01.01"]
[SourceQuality "1"]

1. e4 e6 2. d4 d5 3. Nc3 Bb4 4. e5 b6 5. Qg4 Bf8 6. Bb5+ c6 7. Be2 Ba6 8. Nf3 Bxe2 9. Nxe2 Na6 10. 0-0 Qd7 11. Rd1 Nc7 12. Nf4 Nh6 13. Qh3 0-0-0 14. b3 Nf5 15. c4 h5 16. Nh4 Nxh4 17. Qxh4 Be7 18. Qh3 h4 19. Qg4 Rdg8 20. Nh3 Qe8 21. f4 f6 22. Be3 Qh5 23. Qxh5 Rxh5 24. Rac1 Kb7 25. Rf1 Rd8 26. Nf2 Na6 27. Nd3 dxc4 28. Rxc4 c5 29. a4 f5 30. Rfc1 Rhh8 31. Ne1 cxd4 32. Bxd4 Rxd4 33. Rxd4 Bc5 34. Nf3 Bxd4+ 35. Nxd4 Nc5 36. Kf1 Nd3 37. Rc4 Nxf4 38. Nb5 Nd5 39. Kf2 g5 40. Nd6+ Kb8 41. Nf7 Rg8 42. Rc6 Nc7 43. b4 g4 44. Rd6 Kc8 45. g3 h3 46. b5 Rf8 47. Ng5 Rd8 48. Rc6 Rd2+ 49. Ke3 Rd5 50. Kf4 Rc5 51. Rxc5 bxc5 0-1

[Event "Marijampole op"]
[Site "Marijampole"]
[Date "1994.??.??"]
[Round "9"]
[White "Grunberg, Mihai Lucian"]
[Black "Skrebnevskis, Romanas"]
[Result "1-0"]
[WhiteElo "2345"]
[BlackElo "2185"]
[PlyCount "91"]
[EventDate "1994.??.??"]
[EventType "swiss"]
[EventRounds "9"]
[EventCountry "LTU"]
[SourceTitle "EXT 1997"]
[Source "ChessBase"]
[SourceDate "1996.11.15"]
[SourceVersion "1"]
[SourceVersionDate "1996.11.15"]
[SourceQuality "1"]

1. f4 d5 2. Nf3 Nf6 3. g3 g6 4. Bg2 Bg7 5. 0-0 0-0 6. d3 c5 7. Nc3 Bf5 8. Ne5 Nc6 9. e4 Be6 10. Nxc6 bxc6 11. f5 Bc8 12. g4 dxe4 13. Nxe4 Rb8 14. c3 Nxe4 15. Bxe4 e6 16. fxg6 fxg6 17. Rxf8+ Qxf8 18. Qe2 Qd6 19. Bg5 a5 20. Rf1 Ba6 21. Bf4 e5 22. Be3 Rd8 23. c4 Bc8 24. h3 Be6 25. Qf2 Rf8 26. Qd2 Ra8 27. a4 Bd7 28. Rf3 Bf8 29. Qf2 Be7 30. Kg2 Rb8 31. Kg3 Rb4 32. Qc2 Qb8 33. Rf2 Rb3 34. h4 Qb4 35. Qe2 Be8 36. h5 Qb8 37. Rh2 Qd6 38. Qc2 Qb8 39. Qg2 Qd6 40. Qd2 Rb4 41. Bg5 Bxg5 42. Qxg5 Rxa4 43. hxg6 hxg6 44. Qh6 Qf6 45. Qh7+ Kf8 46. Rf2 1-0

[Event "EU-ch U18"]
[Site "Vejen"]
[Date "1993.??.??"]
[Round "9"]
[White "Izsak, Gyula"]
[Black "Skrebnevskis, Romanas"]
[Result "0-1"]
[WhiteElo "2385"]
[BlackElo "2105"]
[PlyCount "60"]
[EventDate "1993.??.??"]
[EventType "swiss"]
[EventRounds "11"]
[EventCountry "DEN"]
[SourceTitle "EXT 1999"]
[Source "ChessBase"]
[SourceDate "1998.11.16"]
[SourceVersion "1"]
[SourceVersionDate "1998.11.16"]
[SourceQuality "1"]

1. d4 Nf6 2. c4 e6 3. Nc3 Bb4 4. Qc2 0-0 5. a3 Bxc3+ 6. Qxc3 b6 7. Nf3 Bb7 8. Bg5 c5 9. e3 Nc6 10. dxc5 bxc5 11. Bd3 h6 12. Bh4 Qa5 13. Qxa5 Nxa5 14. b4 Nc6 15. Rb1 cxb4 16. Bxf6 gxf6 17. axb4 a5 18. b5 Nb4 19. Ke2 Rfc8 20. Rhc1 Rc5 21. Nd4 Nxd3 22. Kxd3 a4 23. Ra1 Kf8 24. f3 f5 25. Ra3 d5 26. Rc2 Rd8 27. f4 dxc4+ 28. Rxc4 Rxb5 29. Raxa4 Bxg2 30. Ra7 Bf1+ 0-1

[Event "EU-ch U18"]
[Site "Vejen"]
[Date "1993.??.??"]
[Round "6"]
[White "Skrebnevskis, Romanas"]
[Black "Georgiev, Vladimir"]
[Result "0-1"]
[WhiteElo "2105"]
[BlackElo "2430"]
[PlyCount "76"]
[EventDate "1993.??.??"]
[EventType "swiss"]
[EventRounds "11"]
[EventCountry "DEN"]
[SourceTitle "EXT 1999"]
[Source "ChessBase"]
[SourceDate "1998.11.16"]
[SourceVersion "1"]
[SourceVersionDate "1998.11.16"]
[SourceQuality "1"]

1. e4 c5 2. f4 Nc6 3. d3 g6 4. c3 Bg7 5. Be3 d6 6. Nf3 Nf6 7. h3 Nh5 8. Kf2 e5 9. f5 gxf5 10. exf5 Nf4 11. Bxf4 exf4 12. Qd2 Be5 13. Na3 Bxf5 14. d4 cxd4 15. cxd4 0-0 16. Bb5 Bg7 17. Qxf4 Qf6 18. Rhd1 Nb4 19. g4 Bg6 20. Qxf6 Bxf6 21. Bd7 a6 22. Rd2 b5 23. Bf5 Bxf5 24. gxf5 Rac8 25. h4 Kh8 26. Rg1 h6 27. Rg4 Rfe8 28. b3 Nd5 29. Nc2 Rxc2 30. Rxc2 Ne3 31. Ne5 Nxc2 32. Nxf7+ Kh7 33. Nxd6 Rd8 34. Nf7 Rxd4 35. Rg6 Rf4+ 36. Kg2 Rxf5 37. Rxh6+ Kg7 38. Nd6 Ne3+ 0-1

[Event "EU-ch U18"]
[Site "Vejen"]
[Date "1993.??.??"]
[Round "3"]
[White "Skrebnevskis, Romanas"]
[Black "Oms Pallisse, Josep"]
[Result "1-0"]
[WhiteElo "2105"]
[BlackElo "2150"]
[PlyCount "59"]
[EventDate "1993.??.??"]
[EventType "swiss"]
[EventRounds "11"]
[EventCountry "DEN"]
[SourceTitle "EXT 1999"]
[Source "ChessBase"]
[SourceDate "1998.11.16"]
[SourceVersion "1"]
[SourceVersionDate "1998.11.16"]
[SourceQuality "1"]

1. e4 e6 2. d4 d5 3. Nc3 Nf6 4. Bg5 Be7 5. e5 Nfd7 6. h4 c5 7. Bxe7 Kxe7 8. Qg4 Kf8 9. Nf3 cxd4 10. Qxd4 Qb6 11. Qf4 Qxb2 12. Kd2 Nc6 13. Rb1 Qa3 14. Bd3 a6 15. h5 Qe7 16. h6 g6 17. Rhe1 Nc5 18. Nd1 b5 19. Ne3 Bb7 20. Ng4 Re8 21. Ng5 Nd7 22. Re3 Rc8 23. a4 b4 24. Rf3 Nd8 25. Rxb4 d4 26. Rxb7 Nxb7 27. Qxf7+ Qxf7 28. Rxf7+ Ke8 29. Bxa6 Rc7 30. Nf6+ 1-0